Apodos de las selecciones de rugby - Estadísticas

Estadísticas generales
  • Esta prueba ha sido intentada 143 veces
  • La puntuación promedio es 27 de 45
Estadísticas de respuestas
Apodo País % Correcto
Los Pumas Argentina
100%
Wallabies Australia
99%
All Blacks Nueva Zelanda
99%
Springboks Sudáfrica
99%
Les Blues Francia
98%
El XV de la Rosa Inglaterra
98%
El XV del Trébol Irlanda
98%
Azzurri Italia
95%
The Dragons / El XV del Dragón Gales
93%
El XV del León España
88%
El XV del Cardo Escocia
87%
Cherry Blossoms Japón
85%
Los Teros Uruguay
85%
Los Cóndores Chile
79%
Las Águilas Estados Unidos
78%
Manu ***** Samoa
78%
Tupis Brasil
72%
Bati Fiyi
72%
Ikale Tahi (Águilas del mar) Tonga
69%
Canucks Canadá
68%
Los Osos Rusia
67%
Las Águilas Negras Alemania
65%
Los Lobos Portugal
63%
Los Tucanes Colombia
60%
Lelos Georgia
60%
Las Serpientes México
59%
Oranje Países Bajos
59%
Los Diablos Rojos Bélgica
53%
Los Yacarés Paraguay
53%
Los Robles (Steijarii) Rumania
53%
Welwitschias Namibia
50%
Simbas Kenia
48%
Biało-czerwoni (Blanco-rojos) Polonia
47%
El XV de Edelweiss Suiza
43%
La Rosa de Siria Corea del Sur
33%
Los Cosacos Ucrania
33%
Éléphants Costa de Marfil
27%
Los Volcanes Filipinas
21%
Sables Zimbabue
19%
El XV de la Téranga Senegal
18%
Los Carneros Malta
14%
The Dragons Hong Kong
13%
The Rugby Cranes Uganda
13%
Los Caballeros Lituania
11%
Los Buitres Botswana
6%
No se encontraron pruebas coincidentes
Distribución de puntuación
Porcentaje de gente con cada puntuación
Porcentaje por número respondido
Historial de tus puntuaciones
No has intentado esta prueba.